• 首页
  • 本馆介绍
  • 公告通知
  • 最新文献
  • 馆藏检索
  • 电子资源
  • 读者导购
  • 参考咨询
  • 我的图书馆
  • 登录
  • 详细信息显示
  • 放入我的书架
  • 预约/预借图书
  • 作者相关作品
  • 分类相关作品
  • 丛书相关作品
  • 出版社相关作品

书目信息

  • 表格格式
  • 工作单格式
  • 卡片格式
题名:
肾综合征出血热
    
 
作者: 杨为松 主编
分册:  
出版信息: 北京   人民军医出版社  1999.02
页数: 524页
开本: 20cm
丛书名:
单 册:
中图分类: R512.8
科图分类:
主题词: 传染病
电子资源:
ISBN: 7-80020-844-3
000 00552nam0 2200193 450
001 0830633276
005 20080612083156.14
010    @a7-80020-844-3@dCNY58.00
100    @a20080612d1999 km y0chiy0120 ea
101 0  @achi
102    @aCN@b110000
200 1  @a肾综合征出血热@Ashen zong he zheng chu xue re@f杨为松主编@Fyang wei song zhu bian
210    @a北京@c人民军医出版社@d1999.02
215    @a524页@d20cm
606 0  @a传染病
690    @aR512.8@v4
701  0 @a杨为松@Ayang wei song@4主编
801  0 @aCN@bNISOFT@c20080612
905    @aBZT@dR512.8@e2
    
    肾综合征出血热/杨为松主编.-北京:人民军医出版社,1999.02
    524页;20cm
    
    
    ISBN 7-80020-844-3:CNY58.00
    
●
相关链接 在五车中查询图书 在当当中查询图书 在豆瓣中查询图书


正题名:肾综合征出血热     索取号:R512.8/2         预约/预借

序号 登录号 条形码 馆藏地/架位号 状态 备注
1 675997   2000675997   中心书库中库/ 中库009架A面5列4层38/ [索取号:R512.8/2] 在馆    
2 675998   2000675998   中心书库中库/ 中库009架A面5列4层37/ [索取号:R512.8/2] 在馆    
3 675999   2000675999   中心书库中库/ 中库009架A面5列4层32/ [索取号:R512.8/2] 在馆    
4 676000   2000676000   中心书库中库/ 中库009架A面5列4层34/ [索取号:R512.8/2] 在馆    
5 676001   2000676001   中心书库中库/ 中库009架A面5列4层40/ [索取号:R512.8/2] 在馆    
6 676002   2000676002   中心书库中库/ 中库009架A面5列4层39/ [索取号:R512.8/2] 在馆    
7 676003   2000676003   中心书库中库/ 中库009架A面5列4层36/ [索取号:R512.8/2] 在馆    
8 676004   2000676004   中心书库中库/ 中库009架A面5列4层33/ [索取号:R512.8/2] 在馆    
9 676005   2000676005   中心书库中库/ 中库009架A面5列4层35/ [索取号:R512.8/2] 在馆    
10 676006   2000676006   中心书库中库/ 中库009架A面5列4层41/ [索取号:R512.8/2] 在馆    
山东省滨州职业学院图书馆 欢迎您!
大连网信软件有限公司© 版权所有